El caudal sólido de algunos ríos argentinos /

Bibliographic Details
Main Author: Heinsheimer, Jorge J., 1892-
Format: Book
Language:Spanish
English
German
Published: Buenos Aires : Secretaría de Marina, Servicio de Hidrografía Naval, 1965.
Subjects:

MARC

Tag First Indicator Second Indicator Subfields
LEADER 00000cam a2200000K 4500
001 in00001998554
005 20151031121438.0
008 870205s1965 ag 000 0 spa d
035 |a (OCoLC)ocm15152328 
040 |a FDA  |c FDA  |d UtOrBLW 
041 0 |a spa  |a eng  |a ger 
049 |a TXAM 
090 |a TC175.2  |b .H44 
100 1 |a Heinsheimer, Jorge J.,  |d 1892- 
245 1 3 |a El caudal sólido de algunos ríos argentinos /  |c por Jorge J. Heinsheimer. 
264 1 |a Buenos Aires :  |b Secretaría de Marina, Servicio de Hidrografía Naval,  |c 1965. 
300 |a 7 pages, 4 unnumbered pages 
336 |a text  |b txt  |2 rdacontent 
337 |a unmediated  |b n  |2 rdamedia 
338 |a volume  |b nc  |2 rdacarrier 
500 |a At head of title: H. 1022. 
500 |a Summary in Spanish, English, and German. 
504 |a Bibliography: page [9]. 
650 0 |a Sediment transport. 
650 0 |a Rivers  |z Argentina. 
650 0 |a Erosion  |z Argentina. 
948 |a cataloged  |b h  |c 2004/10/7  |d c  |e cmulkey  |f 3:02:24 pm 
994 |a C0  |b TXA 
999 |a MARS 
999 f f |s b46fd00f-f863-3d28-a345-805f1c9012bc  |i 46ebbc65-9530-3d54-9262-b1301f843b49  |t 0 
952 f f |p ric  |a Texas A&M University  |b Rellis Campus  |c Joint Library Facility  |d Remote Storage  |t 0  |e TC175.2 .H44  |h Library of Congress classification  |i unmediated -- volume  |m A14831372819 
998 f f |a TC175.2 .H44  |t 0  |l Remote Storage